Regulácia investícií na medzinárodnej úrovni (investičná dohoda medzi EÚ a Vietnamom)

Analýza medzinárodného režimu investičných vzťahov a systému urovnávania sporov podľa Dohody o ochrane investícií medzi Európskou úniou a jej členskými štátmi na jednej strane a Vietnamskou socialistickou republikou na strane druhej. Prehlbovanie procesu európskej ekonomickej integrácie a plnenie ci...

Description complète

Enregistré dans:
Détails bibliographiques
Auteur principal: Saxunová, Darina
Autres auteurs: Nováčková, Daniela
Format: Chapitre de livre
Langue:slovaque
Sujets:
Tags: Ajouter un tag
Pas de tags, Soyez le premier à ajouter un tag!

MARC

LEADER 00000naa a2200000 4500
001 0272123
005 20220323094942.8
041 0 |a slo 
044 |a SK 
245 1 0 |a Regulácia investícií na medzinárodnej úrovni (investičná dohoda medzi EÚ a Vietnamom)  |c Darina Saxunová, Daniela Nováčková 
520 |a Analýza medzinárodného režimu investičných vzťahov a systému urovnávania sporov podľa Dohody o ochrane investícií medzi Európskou úniou a jej členskými štátmi na jednej strane a Vietnamskou socialistickou republikou na strane druhej. Prehlbovanie procesu európskej ekonomickej integrácie a plnenie cieľov ustanovených v primárnej právnej úprave Európskej únie. Urovnávanie sporov týkajúce sa výkladu a uplatňovania predmetnej dohody v praxi medzi zmluvnými stranami a urovnávanie sporov medzi investormi a hostiteľskými štátmi. 
610 2 0 |a investície 
610 2 0 |a ochrana investícií 
610 2 0 |a globalizácia 
610 2 0 |a integrácia ekonomická 
610 2 0 |a Európska únia 
610 2 0 |a Vietnam 
100 1 |a Saxunová, Darina 
700 1 |a Nováčková, Daniela